Religion and Literature

Saved in:  
Bibliographic Details
Authors: Rüpke, Jörg 1962- (Author) ; Spickermann, Wolfgang 1959- (Author)
Format: Print Article
Language:English
Check availability: HBZ Gateway
Interlibrary Loan:Interlibrary Loan for the Fachinformationsdienste (Specialized Information Services in Germany)
Published: 2009
In: Archiv für Religionsgeschichte
Year: 2009, Volume: 11, Issue: 1, Pages: 121-122
Online Access: Volltext (kostenfrei)
Volltext (kostenfrei)
Rights Information:InC 1.0

MARC

LEADER 00000caa a2200000 c 4500
001 820607339
003 DE-627
005 20260119143056.0
007 tu
008 150320s2009 xx ||||| 00| ||eng c
035 |a (DE-627)820607339 
035 |a (DE-576)9820607337 
035 |a (DE-599)GBV820607339 
040 |a DE-627  |b ger  |c DE-627  |e rakwb 
041 |a eng 
084 |a 0  |2 ssgn 
100 1 |e VerfasserIn  |0 (DE-588)122809262  |0 (DE-627)082168237  |0 (DE-576)166708143  |4 aut  |a Rüpke, Jörg  |d 1962- 
109 |a Rüpke, Jörg 1962-  |a Rüpke, J. 1962- 
245 1 0 |a Religion and Literature  |c Jörg Rüpke; Wolfgang Spickermann 
264 1 |c 2009 
336 |a Text  |b txt  |2 rdacontent 
337 |a ohne Hilfsmittel zu benutzen  |b n  |2 rdamedia 
338 |a Band  |b nc  |2 rdacarrier 
540 |q DE-Tue135  |a Urheberrechtsschutz 1.0  |2 rs  |u http://rightsstatements.org/vocab/InC/1.0/ 
601 |a Religion 
601 |a Literatur 
700 1 |0 (DE-588)128699728  |0 (DE-627)377830542  |0 (DE-576)187480893  |4 aut  |a Spickermann, Wolfgang  |d 1959- 
773 0 8 |i In  |t Archiv für Religionsgeschichte  |d Berlin : De Gruyter, 1999  |g 11(2009), 1, Seite 121-122  |w (DE-627)270934529  |w (DE-600)1478504-3  |w (DE-576)078316405  |x 1436-3038  |7 nnas 
773 1 8 |g volume:11  |g year:2009  |g number:1  |g pages:121-122 
776 1 |o 10.15496/publikation-115424 
856 4 1 |u http://hdl.handle.net/10900/174099  |x Resolving-System  |z kostenfrei  |3 Volltext  |7 0 
856 4 1 |u http://dx.doi.org/10.15496/publikation-115424  |x Resolving-System  |z kostenfrei  |3 Volltext  |7 0 
951 |a AR 
ELC |b 1 
LOK |0 000 xxxxxcx a22 zn 4500 
LOK |0 001 4267668078 
LOK |0 003 DE-627 
LOK |0 004 820607339 
LOK |0 005 20240917131654 
LOK |0 008 230206||||||||||||||||ger||||||| 
LOK |0 040   |a DE-Tue135  |c DE-627  |d DE-Tue135 
LOK |0 092   |o n 
LOK |0 852   |a DE-Tue135 
LOK |0 852 1  |9 00 
LOK |0 866   |x #069 
LOK |0 866   |x #204 
LOK |0 935   |a ixzs  |a rwzw 
LOK |0 939   |a 06-02-23  |b l01 
OAS |a 1 
ORI |a SA-MARC-ixtheoa001.raw 
REL |a 1 
SUB |a REL